000 00536nam a2200169Ia 4500
008 230917s9999||||xx |||||||||||||| ||und||
020 _cRS150
040 _e220886
_aMAIN
041 _aEnglish
082 _a891.433721 GB959G
100 _aगुप्त, भैरवप्रसाद
245 0 _aगंगा मैया
260 _aइलाहाबाद
_bलोकभारती प्रकाशन
_c2013
300 _a128 पृ. p.
500 _a1835 14/01/2015 RAJKAMAL6917 24/01/2015 Main Budget
942 _cBK
999 _c13634
_d13634